Fiškálny deficit Slovenskej republiky rastie
Vývoj deficitu Slovenskej republiky v roku 2009. Schodok verejného dlhu a jeho vzrast (1993-2010). Vývoj štátneho dlhu od roku 1993. Vládne návrhy zníženia deficitu.
Salvato in:
| Autore principale: | |
|---|---|
| Altri autori: | |
| Natura: | Capitolo di libro |
| Lingua: | slovacco |
| Soggetti: | |
| Tags: |
Nessun Tag, puoi essere il primo ad aggiungerne!!
|
MARC
| LEADER | 00000nla$a2200000$$$4500 | ||
|---|---|---|---|
| 001 | 0126875 | ||
| 005 | 20240502072439.4 | ||
| 041 | 0 | |a slo | |
| 044 | |a SK | ||
| 245 | 1 | 0 | |a Fiškálny deficit Slovenskej republiky rastie |c Veronika Jánošová, Zuzana Jánošová |
| 520 | |a Vývoj deficitu Slovenskej republiky v roku 2009. Schodok verejného dlhu a jeho vzrast (1993-2010). Vývoj štátneho dlhu od roku 1993. Vládne návrhy zníženia deficitu. | ||
| 610 | 2 | 0 | |a financie verejné |
| 610 | 2 | 0 | |a deficit |
| 610 | 2 | 0 | |a dlhy |
| 610 | 2 | 0 | |a zadlženosť |
| 610 | 2 | 0 | |a dane |
| 610 | 2 | 0 | |a odvody |
| 610 | 2 | 0 | |a Slovensko |
| 100 | 1 | |a Jánošová, Veronika, 1953- | |
| 700 | 1 | |a Jánošová, Zuzana | |